Statistics for Overwatch Heroes

Click here to take the quiz!

General Stats

  • This quiz has been taken 22 times
  • The average score is 19 of 27

Answer Stats

Heroes Answer % Correct
FlashbangMcCree
94%
Rising UppercutDoomfist
94%
Ice WallMei
94%
Orb of DiscordZenyatta
94%
Concussion MineJunkrat
89%
Helix RocketSoldier: 76
89%
Grappling HookWidowmaker
89%
Wraith FormReaper
83%
Sentry ModeBastion
83%
Armor PackTorbjörn
78%
Storm ArrowsHanzo
72%
Micro-MissilesD.Va
72%
ResurrectMercy
67%
Take A BreatherRoadhog
67%
Fire StrikeReinhardt
61%
Shield BashBrigitte
61%
Concussion BlastPharah
61%
Jump PackWinston
56%
Swift StrikeGenji
56%
Particle BarrierZarya
56%
Halt!Orisa
56%
FadeMoira
56%
BlinkTracer
56%
Amp It UpLucio
50%
TranslocateSombra
50%
Biotic GrenadeAna
44%
Sentry TurretSymmetra
39%

Score Distribution

Percentile by Number Answered

Percent of People with Each Score

Your Score History

You have not taken this quiz